Bài tập kế toán chi phí /

Gorde:
Xehetasun bibliografikoak
Egile nagusia: Phạm Văn Dược, PGS. TS
Formatua: Liburua
Hizkuntza:Vietnamese
Argitaratua: TKE 2005
Etiketak: Etiketa erantsi
Etiketarik gabe, Izan zaitez lehena erregistro honi etiketa jartzen!
Thư viện lưu trữ: Mạng thư viện Đại học Đà Nẵng
LEADER 00644nam a2200265 4500
001 000027077
003 BTKTP
005 20150403120000.0
008 150403s vm 000 vie
020 |c 0,0000 
040 |a notts 
100 |a Phạm Văn Dược, PGS. TS 
245 |a Bài tập kế toán chi phí /  |c Phạm Văn Dược,Đào Tất Thắng. 
260 |b TKE  |c 2005 
OWN |a LTT 
999 |a From the UDN01 
TYP |a Monograph 
TYP |a Printed language 
980 |a Mạng thư viện Đại học Đà Nẵng